| 000 | 00857nam a22002895a 4500 | ||
|---|---|---|---|
| 001 | 60248 | ||
| 003 | CO-BoRNBP | ||
| 005 | 20251217211518.0 | ||
| 007 | ta | ||
| 008 | 200923s2017 ck gr 000 fdspa d | ||
| 020 | _a9789584259974 | ||
| 040 |
_aCO-BoBLA _bspa _cCO-BoBLA _erda |
||
| 041 | 0 | _aspa | |
| 082 | 0 | 4 |
_aCo863.6 _bM35m18 _221 ed. |
| 100 | 0 |
_aMendoza, Mario, _d1964- _965101 |
|
| 245 | 1 | 3 |
_aEl mensajero de Agartha 6: _bmetempsicosis / _cMario Mendoza. |
| 250 | _aPrimero edición | ||
| 264 | 4 |
_aBogotá, Colombia _bEditorial Planeta Colombia, _c2017. |
|
| 300 |
_a193 páginas ; _c21 cm. |
||
| 336 |
_atexto _btxt [ _2rdacontent] |
||
| 337 |
_asin mediacion _bn [ _2rdamedia] |
||
| 338 |
_avolumen _bnc [ _2rdacarrie] |
||
| 490 | 1 |
_aDestino ; _v6 |
|
| 650 | 7 |
_aNovela juvenil. _2BLAAUTO _9315 |
|
| 942 |
_2ddc _cBK |
||
| 949 |
_ac _bc |
||
| 999 |
_c60248 _d60248 |
||